<?xml version="1.0" encoding="UTF-8"?>
<record
    xmlns:xsi="http://www.w3.org/2001/XMLSchema-instance"
    xsi:schemaLocation="http://www.loc.gov/MARC21/slim http://www.loc.gov/standards/marcxml/schema/MARC21slim.xsd"
    xmlns="http://www.loc.gov/MARC21/slim">

  <leader>00710njm a22002177a 4500</leader>
  <controlfield tag="005">20160404172144.0</controlfield>
  <controlfield tag="006">a|||||||||| 00| 0 </controlfield>
  <controlfield tag="008">160106b        xxu||||| |||| 00| 0 spa d</controlfield>
  <datafield tag="041" ind1=" " ind2=" ">
    <subfield code="a">eng</subfield>
  </datafield>
  <datafield tag="100" ind1=" " ind2=" ">
    <subfield code="a">Ramos Calvo, William</subfield>
    <subfield code="9">7553</subfield>
  </datafield>
  <datafield tag="245" ind1=" " ind2=" ">
    <subfield code="a">Madera y son</subfield>
  </datafield>
  <datafield tag="260" ind1=" " ind2=" ">
    <subfield code="a">Costa Rica</subfield>
    <subfield code="b">Eventos Musicales R&amp;C</subfield>
    <subfield code="c">2011</subfield>
  </datafield>
  <datafield tag="300" ind1=" " ind2=" ">
    <subfield code="a">34 minutos</subfield>
  </datafield>
  <datafield tag="505" ind1=" " ind2=" ">
    <subfield code="a">1.Amor lejano 2.Arenas del desierto 3.Danubio Azul 4.Claudia 5.Mi vida es Fox 6.The love nest 7.Palabras de amor 8.Elena 9.Fox Trot 10.El As Rojo</subfield>
  </datafield>
  <datafield tag="650" ind1=" " ind2=" ">
    <subfield code="a">COSTA RICA</subfield>
    <subfield code="9">7558</subfield>
  </datafield>
  <datafield tag="650" ind1=" " ind2=" ">
    <subfield code="a">M&#xDA;SICA AMBIENTAL</subfield>
    <subfield code="9">3625</subfield>
  </datafield>
  <datafield tag="650" ind1=" " ind2=" ">
    <subfield code="a">MUSICA COSTARRICENSE</subfield>
    <subfield code="9">7555</subfield>
  </datafield>
  <datafield tag="650" ind1=" " ind2=" ">
    <subfield code="a">MARIMBA</subfield>
    <subfield code="9">7556</subfield>
  </datafield>
  <datafield tag="650" ind1=" " ind2=" ">
    <subfield code="a">M&#xDA;SICA INTRUMENTAL</subfield>
    <subfield code="9">7557</subfield>
  </datafield>
  <datafield tag="942" ind1=" " ind2=" ">
    <subfield code="c">MU</subfield>
  </datafield>
  <datafield tag="999" ind1=" " ind2=" ">
    <subfield code="c">7894</subfield>
    <subfield code="d">7894</subfield>
  </datafield>
  <datafield tag="952" ind1=" " ind2=" ">
    <subfield code="0">0</subfield>
    <subfield code="1">0</subfield>
    <subfield code="4">0</subfield>
    <subfield code="7">0</subfield>
    <subfield code="a">BACB</subfield>
    <subfield code="b">BACB</subfield>
    <subfield code="d">2016-04-04</subfield>
    <subfield code="l">0</subfield>
    <subfield code="o">748 DC</subfield>
    <subfield code="p">748DC</subfield>
    <subfield code="r">2016-04-04 00:00:00</subfield>
    <subfield code="w">2016-04-04</subfield>
    <subfield code="y">MU</subfield>
  </datafield>
</record>
